Találkozó - szépséghibákkal
Elmentve itt :
| Szerző: | |
|---|---|
| Dokumentumtípus: | Cikk |
| Megjelent: |
1970-03-24
|
| Sorozat: | Délmagyarország
60 No. 70 |
| Kulcsszavak: | Bartók Béla Művelődési Központ, Ifjúsági klubok találkozója Szeged környéke 1970 |
| Online Access: | http://dmarchiv.bibl.u-szeged.hu/72884 |
| LEADER | 00529nab a2200157 i 4500 | ||
|---|---|---|---|
| 001 | delm72884 | ||
| 005 | 20180928082557.0 | ||
| 008 | 180928s1970 hu o 0|| hun d | ||
| 040 | |a SZTE Délmagyarország Archívum |b hun | ||
| 041 | |a hun | ||
| 100 | 1 | |a Huszka István | |
| 245 | 1 | 0 | |a Találkozó - szépséghibákkal |h [elektronikus dokumentum] / |c Huszka István |
| 260 | |c 1970-03-24 | ||
| 300 | |a 5 | ||
| 490 | 0 | |a Délmagyarország |v 60 No. 70 | |
| 695 | |a Bartók Béla Művelődési Központ, Ifjúsági klubok találkozója Szeged környéke 1970 | ||